Capitale d'Amérique du sud - Statistiques

Statistiques générales
  • Ce quiz a été pris 45 fois
  • Le résultat moyen est 14 sur 20
Statistiques - réponses
Hint Réponse % Correct
Mexique Mexico
100%
Panama panama
95%
Argentine buenos aires
93%
colombie bogota
91%
Cuba la havane
86%
Perou lima
86%
chili santiago
86%
Bolivie sucre
86%
venezuela caracas
84%
uruguay montevideo
81%
Equateur quito
81%
Guatemala guatemala
79%
paraguay asuncion
72%
Rep dominicaine Saint domingue
56%
el salvador san salvador
53%
costa rica san josé
49%
Honduras tegucigalpa
49%
Belize belmopan
47%
Nicaragua managua
37%
porto rico san juan
21%
Aucun quiz correspondant
Distribution des résultats
% des personnes avec chaque résultat
Percentile par nombre de réponses
Votre historique - résultats
Vous n’avez pas pris ce quiz